<?xml version="1.0" encoding="UTF-8"?>
<record
    xmlns:xsi="http://www.w3.org/2001/XMLSchema-instance"
    xsi:schemaLocation="http://www.loc.gov/MARC21/slim http://www.loc.gov/standards/marcxml/schema/MARC21slim.xsd"
    xmlns="http://www.loc.gov/MARC21/slim">

  <leader>00652nam a22001337a 4500</leader>
  <datafield tag="040" ind1=" " ind2=" ">
    <subfield code="c">RUA </subfield>
  </datafield>
  <datafield tag="082" ind1=" " ind2=" ">
    <subfield code="a">AGR BB ANG B061 Or.1</subfield>
  </datafield>
  <datafield tag="100" ind1=" " ind2=" ">
    <subfield code="a">ANG SOPHEA </subfield>
  </datafield>
  <datafield tag="245" ind1=" " ind2=" ">
    <subfield code="a">Chemical fertilizer use on rice crop in themokol district, battambang province, (&#x1780;&#x17B6;&#x179A;&#x1794;&#x17D2;&#x179A;&#x17BE;&#x1794;&#x17D2;&#x179A;&#x17B6;&#x179F;&#x17CB;&#x1787;&#x17B8;&#x1782;&#x17B8;&#x1798;&#x17B8;&#x179B;&#x17BE;&#x178A;&#x17C6;&#x178E;&#x17B6;&#x17C6;&#x179F;&#x17D2;&#x179A;&#x17BC;&#x179C;&#x179A;&#x1794;&#x179F;&#x17CB;&#x1794;&#x17D2;&#x179A;&#x1787;&#x17B6;&#x1780;&#x179F;&#x17B7;&#x1780;&#x179A; &#x1793;&#x17C5;&#x179F;&#x17D2;&#x179A;&#x17BB;&#x1780;&#x1790;&#x17D2;&#x1798;&#x1782;&#x17C4;&#x179B; &#x1781;&#x17C1;&#x178F;&#x17D2;&#x178F;&#x1794;&#x17B6;&#x178F;&#x17CB;&#x178A;&#x17C6;&#x1794;&#x1784;)</subfield>
  </datafield>
  <datafield tag="260" ind1=" " ind2=" ">
    <subfield code="a">phnom penh </subfield>
    <subfield code="b">RUA </subfield>
    <subfield code="c">2010</subfield>
  </datafield>
  <datafield tag="300" ind1=" " ind2=" ">
    <subfield code="a">ix, 55p.</subfield>
    <subfield code="b">ill.</subfield>
    <subfield code="c">29cm.</subfield>
  </datafield>
  <datafield tag="856" ind1=" " ind2=" ">
    <subfield code="u">https://drive.google.com/file/d/16pCOLmwG18mnWuyZUxr5nrYfPkh3-MPa/view?usp=sharing</subfield>
  </datafield>
  <datafield tag="942" ind1=" " ind2=" ">
    <subfield code="c">AGRBB</subfield>
  </datafield>
  <datafield tag="999" ind1=" " ind2=" ">
    <subfield code="c">1476</subfield>
    <subfield code="d">1476</subfield>
  </datafield>
  <datafield tag="952" ind1=" " ind2=" ">
    <subfield code="0">0</subfield>
    <subfield code="1">0</subfield>
    <subfield code="2">ddc</subfield>
    <subfield code="4">0</subfield>
    <subfield code="6">AGR_BB_ANG_2010_000000000000000_B061_OR_1</subfield>
    <subfield code="7">0</subfield>
    <subfield code="9">6600</subfield>
    <subfield code="a">LBB</subfield>
    <subfield code="b">LBB</subfield>
    <subfield code="c">B061</subfield>
    <subfield code="d">2015-09-29</subfield>
    <subfield code="l">4</subfield>
    <subfield code="m">2</subfield>
    <subfield code="o">AGR BB ANG 2010 B061 Or.1</subfield>
    <subfield code="p">RUA009980</subfield>
    <subfield code="r">2018-11-07</subfield>
    <subfield code="s">2018-11-02</subfield>
    <subfield code="w">2015-09-29</subfield>
    <subfield code="y">AGRBB</subfield>
  </datafield>
  <datafield tag="952" ind1=" " ind2=" ">
    <subfield code="0">0</subfield>
    <subfield code="1">0</subfield>
    <subfield code="2">ddc</subfield>
    <subfield code="4">0</subfield>
    <subfield code="6">AGR_BB_ANG_2010_000000000000000_B061_OR_2</subfield>
    <subfield code="7">0</subfield>
    <subfield code="9">6601</subfield>
    <subfield code="a">LBB</subfield>
    <subfield code="b">LBB</subfield>
    <subfield code="c">B061</subfield>
    <subfield code="d">2015-09-29</subfield>
    <subfield code="l">1</subfield>
    <subfield code="o">AGR BB ANG 2010 B061 Or.2</subfield>
    <subfield code="p">RUA009908</subfield>
    <subfield code="r">2017-01-13</subfield>
    <subfield code="s">2016-12-24</subfield>
    <subfield code="w">2015-09-29</subfield>
    <subfield code="y">AGRBB</subfield>
  </datafield>
  <datafield tag="952" ind1=" " ind2=" ">
    <subfield code="0">0</subfield>
    <subfield code="1">0</subfield>
    <subfield code="2">ddc</subfield>
    <subfield code="4">0</subfield>
    <subfield code="6">AGR_BB_ANG_2010_000000000000000_B061_OR_3</subfield>
    <subfield code="7">0</subfield>
    <subfield code="9">6602</subfield>
    <subfield code="a">LBB</subfield>
    <subfield code="b">LBB</subfield>
    <subfield code="c">B061</subfield>
    <subfield code="d">2015-09-29</subfield>
    <subfield code="o">AGR BB ANG 2010 B061 Or.3</subfield>
    <subfield code="p">RUA001895</subfield>
    <subfield code="r">2015-09-29</subfield>
    <subfield code="w">2015-09-29</subfield>
    <subfield code="y">AGRBB</subfield>
  </datafield>
  <datafield tag="952" ind1=" " ind2=" ">
    <subfield code="0">0</subfield>
    <subfield code="1">0</subfield>
    <subfield code="2">ddc</subfield>
    <subfield code="4">0</subfield>
    <subfield code="6">AGR_BB_ANG_2010_000000000000000_B061_OR_4</subfield>
    <subfield code="7">0</subfield>
    <subfield code="9">6603</subfield>
    <subfield code="a">LBB</subfield>
    <subfield code="b">LBB</subfield>
    <subfield code="c">B061</subfield>
    <subfield code="d">2015-09-29</subfield>
    <subfield code="l">3</subfield>
    <subfield code="o">AGR BB ANG 2010 B061 Or.4</subfield>
    <subfield code="p">RUA001702</subfield>
    <subfield code="r">2017-11-15</subfield>
    <subfield code="s">2017-10-16</subfield>
    <subfield code="w">2015-09-29</subfield>
    <subfield code="y">AGRBB</subfield>
  </datafield>
  <datafield tag="952" ind1=" " ind2=" ">
    <subfield code="0">0</subfield>
    <subfield code="1">0</subfield>
    <subfield code="2">ddc</subfield>
    <subfield code="4">0</subfield>
    <subfield code="6">AGR_BB_ANG_2010_000000000000000_B061_OR_5</subfield>
    <subfield code="7">0</subfield>
    <subfield code="9">6604</subfield>
    <subfield code="a">LBB</subfield>
    <subfield code="b">LBB</subfield>
    <subfield code="c">B061</subfield>
    <subfield code="d">2015-09-29</subfield>
    <subfield code="l">1</subfield>
    <subfield code="o">AGR BB ANG 2010 B061 Or.5</subfield>
    <subfield code="p">RUA001669</subfield>
    <subfield code="r">2017-08-18</subfield>
    <subfield code="s">2017-08-07</subfield>
    <subfield code="w">2015-09-29</subfield>
    <subfield code="y">AGRBB</subfield>
  </datafield>
  <datafield tag="952" ind1=" " ind2=" ">
    <subfield code="0">0</subfield>
    <subfield code="1">0</subfield>
    <subfield code="2">ddc</subfield>
    <subfield code="4">0</subfield>
    <subfield code="6">AGR_BB_ANG_2010_000000000000000_B061_OR_6</subfield>
    <subfield code="7">0</subfield>
    <subfield code="9">6605</subfield>
    <subfield code="a">LBB</subfield>
    <subfield code="b">LBB</subfield>
    <subfield code="c">B061</subfield>
    <subfield code="d">2015-09-29</subfield>
    <subfield code="l">2</subfield>
    <subfield code="m">3</subfield>
    <subfield code="o">AGR BB ANG 2010 B061 Or.6</subfield>
    <subfield code="p">RUA001741</subfield>
    <subfield code="r">2016-09-06</subfield>
    <subfield code="s">2016-07-22</subfield>
    <subfield code="w">2015-09-29</subfield>
    <subfield code="y">AGRBB</subfield>
  </datafield>
  <datafield tag="952" ind1=" " ind2=" ">
    <subfield code="0">0</subfield>
    <subfield code="1">0</subfield>
    <subfield code="2">ddc</subfield>
    <subfield code="4">0</subfield>
    <subfield code="6">AGR_ANG_B1_218_000000000000000_OR_1</subfield>
    <subfield code="7">0</subfield>
    <subfield code="9">78249</subfield>
    <subfield code="a">LBB</subfield>
    <subfield code="b">LBB</subfield>
    <subfield code="c">B1.218</subfield>
    <subfield code="d">2019-02-11</subfield>
    <subfield code="o">AGR  ANG B1.218 Or.1</subfield>
    <subfield code="p">A40042</subfield>
    <subfield code="r">2019-02-11</subfield>
    <subfield code="w">2019-02-11</subfield>
    <subfield code="y">AGR</subfield>
  </datafield>
</record>
